[Event "Bullet Chess Winners 2024"]
[Site "chess.com INT"]
[Date "2024.06.13"]
[Round "6.10"]
[White "Firouzja,Alireza"]
[Black "Nakamura,Hi"]
[Result "1/2-1/2"]
[WhiteElo "2737"]
[BlackElo "2794"]

1.e4 d5 2.exd5 Qxd5 3.Nc3 Qa5 4.d4 Nf6 5.Nf3 c6 6.Bc4 Bg4 7.Bd2 e6 8.h3 Bh5
9.g4 Bg6 10.Ne5 Nbd7 11.Nxg6 hxg6 12.Qf3 Bb4 13.O-O-O Qc7 14.Rhe1 Nb6 15.Bb3 O-O-O
16.g5 Nfd5 17.Nxd5 Bxd2+ 18.Rxd2 cxd5 19.c3 Kb8 20.Rg1 Rd6 21.Rg4 a5 22.a3 a4
23.Ba2 Rc6 24.Rf4 Rxh3 25.Qxh3 Qxf4 26.Qg3 Qxg3 27.fxg3 Nc8 28.Rf2 Nd6 29.Bb1 Rc8
30.Bd3 b5 31.Rh2 Kc7 32.Rh7 Kd7 33.Rxg7 Kc6 34.Rh7 Rf8 35.Kd2 Rg8 36.Ke3 Kd7
37.Kf4 Ke7 38.Ke5 Nc4+ 39.Bxc4 bxc4 40.Rh3 Rb8 41.Rh2 Rf8 42.Rh3 Rc8 43.Rh2 Rb8
44.g4 Rb6 45.Kf4 Kd6 46.Rf2 Rb7 47.Rh2 Ra7 48.Ke3 Rb7 49.Rf2 Ke7 50.Kf4 Rb6
51.Rh2 Rb7 52.Rf2 Rb6 53.Rh2  1/2-1/2

[Event "Bullet Chess Winners 2024"]
[Site "chess.com INT"]
[Date "2024.06.13"]
[Round "6.15"]
[White "Nakamura,Hi"]
[Black "Firouzja,Alireza"]
[Result "0-1"]
[WhiteElo "2794"]
[BlackElo "2737"]

1.e4 c5 2.d4 cxd4 3.c3 d3 4.Bxd3 Nc6 5.c4 g6 6.Nf3 Bg7 7.O-O d6 8.Nc3 Nf6
9.h3 O-O 10.Rb1 Be6 11.b3 Nh5 12.Nd5 Rc8 13.Re1 a6 14.Bg5 h6 15.Be3 Nf6 16.Qd2 Kh7
17.Rbd1 Nd7 18.Bb1 Nc5 19.Nd4 Bxd5 20.exd5 Nxd4 21.Bxd4 Bxd4 22.Qxd4 Nd7
23.Re3 Nf6 24.Rde1 Rc7 25.g4 Kg7 26.f4 Kg8 27.Kg2 Nh7 28.h4 e5 29.dxe6 Qxh4
30.Rg3 Qf6 31.Qxd6 Rc6 32.exf7+ Rxf7 33.Qxf6 Rcxf6 34.f5 gxf5 35.Bxf5 Ng5
36.Rge3 Kg7 37.Kg3 Rd6 38.Rd3 Rxd3+ 39.Bxd3 Rf3+ 40.Kg2 Rxd3 41.Re7+ Kf6
42.Rxb7 Rd2+ 43.Kg3 Rxa2 44.Rb6+ Ne6 45.c5 a5 46.c6 Rc2 47.Ra6 Rc3+ 48.Kh4 Rxb3
49.Rxa5 Ng5 50.c7 Rh3+  0-1

[Event "Bullet Chess Winners 2024"]
[Site "chess.com INT"]
[Date "2024.06.13"]
[Round "6.14"]
[White "Firouzja,Alireza"]
[Black "Nakamura,Hi"]
[Result "0-1"]
[WhiteElo "2737"]
[BlackElo "2794"]

1.e4 e5 2.Nf3 Nc6 3.Bb5 a6 4.Ba4 Bc5 5.c3 Nge7 6.O-O Ng6 7.d4 Ba7 8.Be3 O-O
9.Nbd2 d6 10.Re1 h6 11.h3 Qf6 12.Bxc6 bxc6 13.dxe5 dxe5 14.Bxa7 Rxa7 15.Qe2 Nf4
16.Qe3 Rb7 17.Nb3 Bxh3 18.g3 Ng2 19.Qe2 Nxe1 20.Rxe1 Bg4 21.Kg2 a5 22.Nc5 Bxf3+
23.Qxf3 Qxf3+ 24.Kxf3 Rxb2  0-1

[Event "Bullet Chess Winners 2024"]
[Site "chess.com INT"]
[Date "2024.06.13"]
[Round "6.13"]
[White "Nakamura,Hi"]
[Black "Firouzja,Alireza"]
[Result "1/2-1/2"]
[WhiteElo "2794"]
[BlackElo "2737"]

1.d4 Nf6 2.c4 g6 3.Nc3 d5 4.cxd5 Nxd5 5.e4 Nxc3 6.bxc3 c5 7.Nf3 Bg7 8.Bb5+ Nc6
9.O-O O-O 10.Be3 Bg4 11.Bxc6 bxc6 12.h3 Bxf3 13.Qxf3 cxd4 14.cxd4 Bxd4 15.Rac1 Bxe3
16.Qxe3 Qb6 17.Qxb6 axb6 18.Rxc6 Rfb8 19.Rb1 Rxa2 20.Rcxb6 Rxb6 21.Rxb6 e6  1/2-1/2

[Event "Bullet Chess Winners 2024"]
[Site "chess.com INT"]
[Date "2024.06.13"]
[Round "6.12"]
[White "Firouzja,Alireza"]
[Black "Nakamura,Hi"]
[Result "1/2-1/2"]
[WhiteElo "2737"]
[BlackElo "2794"]

1.e4 e5 2.Nf3 Nc6 3.Bb5 a6 4.Ba4 Bc5 5.c3 Nge7 6.d4 exd4 7.cxd4 Bb4+ 8.Nc3 d5
9.exd5 Qxd5 10.O-O Bxc3 11.bxc3 Bg4 12.Re1 O-O-O 13.Bb3 Bxf3 14.Qxf3 Qxf3
15.gxf3 f6 16.Bd2 Ng6 17.Re4 Na5 18.Be6+ Kb8 19.Rae1 b5 20.Rb1 c6 21.c4 Nb7
22.cxb5 cxb5 23.a4 Nd6 24.Ree1 Rhe8 25.axb5 Nxb5 26.d5 Nh4 27.Rb3 Ka8 28.Kf1 Nd4
29.Rb6 Nhxf3 30.Rd1 Nxd2+ 31.Rxd2 Nxe6 32.Rxa6+ Kb7 33.Rc6 Nc7 34.Rb2+ Kc8
35.d6 Kd7 36.Rxc7+ Kxd6 37.Rxg7 Rb8 38.Rxb8 Rxb8 39.Rxh7 Ke6 40.Rh3 Kf5 41.Rg3 Kf4
42.Kg2 f5 43.Rf3+ Kg4 44.Rg3+ Kh4 45.Rh3+ Kg5 46.Rg3+ Kf6 47.Rf3 Ke5 48.Rg3 Kf4
49.Rf3+ Ke4 50.Rg3 f4 51.Rg5 Rh8 52.h3 Re8 53.f3+ Ke3 54.h4 Re7 55.h5 Rd7
56.Re5+ Kd4 57.Re4+ Kd5 58.Rxf4 Ke5 59.Rg4 Kf5 60.Kg3 Rd6 61.Rf4+ Kg5 62.Rg4+ Kxh5
63.Kf4 Rf6+ 64.Kg3 Rb6 65.Rf4 Rg6+ 66.Kf2 Ra6 67.Rg4 Ra2+ 68.Kg3 Ra5 69.Rh4+ Kg5
70.Rg4+ Kf6 71.Rf4+ Kg5 72.Re4 Kf5 73.Rg4 Rc5 74.Rf4+ Kg5 75.Re4 Kh5 76.Rh4+ Kg6
77.f4 Kf6 78.Kg4 Rc2 79.Rh5 Kg7 80.Rg5+ Kf6 81.Rf5+ Ke6 82.Rg5 Rg2+ 83.Kf3 Rh2
84.Kg4 Rg2+ 85.Kf3 Rxg5 86.fxg5 Kf5 87.g6 Kxg6  1/2-1/2

[Event "Titled Tue 25th Jun Early"]
[Site "chess.com INT"]
[Date "2024.06.25"]
[Round "1"]
[White "Kazmin,Semen"]
[Black "Nakamura,Hi"]
[Result "1/2-1/2"]
[WhiteElo "2179"]
[BlackElo "2794"]

1.e4 c6 2.d4 d5 3.e5 Bf5 4.Nf3 e6 5.Be2 Nd7 6.O-O h6 7.a4 Ne7 8.a5 c5 9.c4 Rc8
10.cxd5 Nxd5 11.Nc3 Nxc3 12.bxc3 Be7 13.d5 exd5 14.Qxd5 Qc7 15.Bf4 Be6 16.Qe4 Qc6
17.Qxc6 Rxc6 18.Rab1 Rc7 19.Nd2 O-O 20.Ne4 b6 21.axb6 Nxb6 22.Ra1 Nd5 23.Bd2 Rd8
24.f4 Nb6 25.Be3 Bc4 26.Bxc4 Nxc4 27.Bf2 Nd2 28.Nxd2 Rxd2 29.Rfb1 Rc2 30.Rc1 Rd2
31.Rd1 Re2 32.Re1 Rb2 33.Reb1 Rxb1+ 34.Rxb1 f5 35.c4 Kf7 36.Rb5 a6 37.Ra5 Rc6
38.Be3 Ke6 39.Kf2 Kd7 40.Kf3 g5 41.g4 Ke6 42.h3 Rb6 43.fxg5 hxg5 44.gxf5+ Kxf5
45.Bxc5 Rb3+ 46.Kg2 Bd8 47.Rxa6 Kxe5 48.Bf2 Rb2 49.Kf3 Kf5 50.Rd6 Rb3+ 51.Kg2 Bc7
52.Rd5+ Kg6 53.Be1 Bf4 54.Bf2 Rc3 55.c5 Kf7 56.Rd7+ Ke6 57.Rd8 Be5 58.Re8+ Kd5
59.Rd8+ Ke4 60.Rd2 Bf4 61.Re2+ Kf5 62.Ra2 Be5 63.Re2 Bf6 64.Ra2 Be7 65.Re2 Bf8
66.Ra2 Kg6 67.Ra6+ Kh5 68.Ra5 Bg7 69.Rb5 Be5 70.Ra5 Bf4 71.Rb5 Kg6 72.Rb6+ Kf5
73.Rb2 Be5 74.Ra2 Bc7 75.Ra7 Bd8 76.Ra2 Bf6 77.Rd2 Rc4 78.Rd5+ Ke4 79.Rd2 Be5
80.Ra2 Kf5 81.Re2 Rc3 82.Ra2 g4 83.hxg4+ Kxg4 84.Ra4+ Kf5 85.Ra2 Ke4 86.Re2+ Kf5
87.Ra2 Bf4 88.Kf1 Bg5 89.Ke2 Be7 90.Kd1 Rf3 91.Ke2 Rh3 92.Rc2 Bd8 93.c6 Bc7
94.Be3 Ke4 95.Rc4+ Kd5 96.Rc1 Rh7 97.Kd3 Rh3 98.Rc5+ Kd6 99.Rc4 Bb6 100.Re4 Ba5
101.Kc4 Kxc6 102.Re6+ Kd7 103.Re4 Bc7 104.Bc5 Rh1 105.Kd5 Rd1+ 106.Rd4 Rh1
107.Rg4 Rh5+ 108.Kc4 Be5 109.Rg6 Ba1 110.Ra6 Bb2 111.Rb6 Bc1 112.Ra6 Bf4
113.Rf6 Be5 114.Ra6 Rg5 115.Rh6 Bg7 116.Ra6 Rg2 117.Kd5 Rd2+ 118.Kc4 Be5
119.Rg6 Rd1 120.Rh6 Bf4 121.Rg6 Kc7 122.Ra6 Kb7 123.Re6 Bc7 124.Rg6 Rd2 125.Rf6 Rd1
126.Re6 Rh1 127.Rf6 Rh5 128.Re6 Bd8 129.Kb5 Kc7 130.Kc4 Kd7 131.Ra6 Bc7 132.Kb5 Bh2
133.Kc4 Rh4+ 134.Kd5 Rg4 135.Ra7+ Kc8 136.Kc6 Rg6+ 137.Kb5 Rg5 138.Rf7 Bg1
139.Rf8+ Kd7 140.Rf7+ Kd8 141.Rf8+ Kc7 142.Rf7+ Kb8 143.Rf8+ Kb7 144.Rf7+ Kc8
145.Rf8+ Kd7 146.Rf7+ Ke6 147.Rc7 Bh2 148.Rc8 Rg2 149.Kc6 Rc2 150.Re8+ Kf7
151.Re1 Bg3  1/2-1/2

[Event "Titled Tue 25th Jun Early"]
[Site "chess.com INT"]
[Date "2024.06.25"]
[Round "2"]
[White "Nakamura,Hi"]
[Black "Vargas,M"]
[Result "1-0"]
[WhiteElo "2794"]
[BlackElo "2000"]

1.e4 d5 2.Nc3 d4 3.Nce2 c5 4.Ng3 h5 5.Nxh5 Nc6 6.Ng3 Nf6 7.Bb5 e5 8.Nf3 Bd6
9.Bxc6+ bxc6 10.d3 Bg4 11.h3 Bc8 12.b3 Ng4 13.hxg4 Rxh1+ 14.Nxh1 Bxg4 15.Ng3 Qf6
16.Qe2 Qg6 17.Nh4 Bxe2 18.Nxg6 Bg4 19.Nh4 g5 20.Nhf5 Bc7 21.Bxg5 Ba5+ 22.Bd2 Bc7
23.f3 Bxf5 24.exf5 O-O-O 25.Ne4 Rh8 26.Kf2 Bb6 27.g4 Kd7 28.Kg2 f6 29.Nxf6+ Kd8
30.Ne4 Kd7 31.Rh1 Ke7 32.Rxh8  1-0

[Event "Titled Tue 25th Jun Early"]
[Site "chess.com INT"]
[Date "2024.06.25"]
[Round "3"]
[White "Yuan,Qingyu"]
[Black "Nakamura,Hi"]
[Result "0-1"]
[WhiteElo "2360"]
[BlackElo "2794"]

1.e4 c6 2.d4 d5 3.exd5 cxd5 4.Bd3 Nc6 5.c3 g6 6.h3 Bf5 7.Nf3 Bxd3 8.Qxd3 e6
9.O-O Nf6 10.Re1 Ne4 11.Nbd2 f5 12.c4 Bg7 13.cxd5 exd5 14.Nb3 O-O 15.Bf4 Qb6
16.Re2 a5 17.a4 Rac8 18.Qb5 Qd8 19.Qxb7 g5 20.Bh2 Rf7 21.Qb5 g4 22.Ne5 Nxe5
23.Bxe5 gxh3 24.f3 Bxe5 25.fxe4 Bg3 26.e5 Qg5 27.Qxd5 f4 28.Qf3 hxg2 29.Rxg2 h5
30.e6 Rg7 31.Nc5 h4 32.Ne4 Qg6 33.d5 h3 34.Rxg3 fxg3 35.Nf6+ Kh8 36.Qf4 h2+
37.Kg2 Rc2+ 38.Kh3 g2 39.Qh4+ Rh7 40.Nxh7 h1=Q+  0-1

[Event "Titled Tue 25th Jun Early"]
[Site "chess.com INT"]
[Date "2024.06.25"]
[Round "4"]
[White "Nakamura,Hi"]
[Black "Hamidov,Allahverdi"]
[Result "1-0"]
[WhiteElo "2794"]
[BlackElo "2307"]

1.d4 d5 2.c4 e6 3.Nc3 Nf6 4.cxd5 exd5 5.Bg5 c6 6.e3 h6 7.Bh4 Be7 8.Bd3 O-O
9.h3 Re8 10.Nge2 Ne4 11.Bxe7 Qxe7 12.Bxe4 dxe4 13.g4 Nd7 14.Ng3 Nf6 15.Qc2 Nd5
16.Ncxe4 h5 17.gxh5 f5 18.Nc3 Nb4 19.Qe2 f4 20.Nge4 Bf5 21.f3 Qh4+ 22.Kd2 fxe3+
23.Qxe3 Nd5 24.Qg5 Qxg5+ 25.Nxg5 Ne3 26.Rae1 Nc4+ 27.Kc1 Rad8 28.b3 Ne3 29.Nge4 Ng2
30.Reg1 Nf4 31.Nf6+ Kf7 32.Nxe8 Rxe8 33.Kd2 Kf6 34.Re1 Rd8 35.Ne4+  1-0

[Event "Titled Tue 25th Jun Early"]
[Site "chess.com INT"]
[Date "2024.06.25"]
[Round "5"]
[White "Bashirli,Nail"]
[Black "Nakamura,Hi"]
[Result "1/2-1/2"]
[WhiteElo "2327"]
[BlackElo "2794"]

1.e4 c6 2.d4 d5 3.Nc3 dxe4 4.Nxe4 Nf6 5.Nxf6+ gxf6 6.c3 Bf5 7.Nf3 e6 8.g3 Nd7
9.Bg2 Bd6 10.O-O O-O 11.Re1 Bg6 12.Bh6 Re8 13.a4 a5 14.Nd2 Bf8 15.Bxf8 Kxf8
16.Nc4 Nb6 17.Qb3 Nxc4 18.Qxc4 Kg7 19.Re3 Re7 20.Rae1 Rd7 21.h4 Rc8 22.Bf3 h6
23.Be4 f5 24.Bf3 b6 25.Re5 Rd6 26.Qe2 c5 27.dxc5 bxc5 28.Qe3 Qc7 29.Qf4 Rd3
30.Be2 Rd7 31.Bb5 Rd6 32.R5e3 Rd5 33.Qxc7 Rxc7 34.Bc4 Rd8 35.Rd3 Rb8 36.Rd2 f4
37.gxf4 Kf6 38.Kg2 Rg8 39.Kf3 Bh5+ 40.Ke3 Rg2 41.Rh1 Rc8 42.Bf1 Rgg8 43.Be2 Bxe2
44.Rxe2 Rcd8 45.Kf3 Rd5 46.Rhe1 Rb8 47.Re5 Rd7 48.Rxc5 Rxb2 49.Rce5 Ra2 50.R1e2 Rxa4
51.Rh5 Rc7 52.Rxh6+ Kg7 53.Rh5 Rxc3+ 54.Re3 Rcc4 55.Rg5+ Kf6 56.Rg4 Ra1 57.h5 Rh1
58.Rg5 Rh4 59.Rxa5 Rcxf4+ 60.Kg2 Rd4 61.Rf3+ Rhf4 62.Raa3 Kg5 63.Rg3+ Kxh5
64.Ra8 Rg4 65.Rh8+ Kg5 66.Rg8+ Kf5 67.Rf8 f6 68.Rxg4 Rxg4+ 69.Kf3 Ra4 70.Kg2 Ra3
71.Rh8 e5 72.Rh5+ Kg4 73.Rh8 f5 74.Rg8+ Kf4 75.Rh8 Ra2 76.Rg8 e4 77.Re8 Rb2
78.Re7 Rb6 79.Re8 Rg6+ 80.Kf1 Kf3 81.Ra8 f4 82.Ra3+ e3 83.fxe3 fxe3 84.Rb3 Rc6
85.Rb1 Rc7 86.Ra1 Rg7 87.Ra2 Rh7 88.Rf2+ Ke4 89.Ra2 Rh1+ 90.Kg2 Rd1 91.Ra4+ Kd3
92.Ra3+ Ke2 93.Ra2+ Rd2 94.Ra1 Rb2 95.Kg3 Rb3 96.Ra2+ Kd1 97.Ra1+ Kd2 98.Ra2+ Kd1
99.Ra1+ Ke2 100.Ra2+ Kd3 101.Kf3 Rb6 102.Ra3+ Kd2 103.Ra2+ Kd3 104.Ra3+ Kd4
105.Rxe3 Rf6+ 106.Ke2 Rc6 107.Rd3+ Kc4 108.Re3 Kd5 109.Kf3 Rf6+ 110.Ke2 Rh6
111.Rd3+ Kc4 112.Rf3 Rh8 113.Kf2 Kd4 114.Rg3 Ke4 115.Rg4+ Kd3 116.Rg3+ Kd2
117.Rf3 Re8 118.Kg3 Ke1 119.Rf4 Rh8 120.Rg4 Ke2 121.Kf4 Rf8+ 122.Kg5 Kf3
123.Ra4 Rg8+ 124.Kf6 Rb8 125.Ke7 Rb7+ 126.Kd6 Rh7 127.Ke6 Ke2 128.Kf6 Kd3
129.Kg6 Rb7 130.Rg4 Rb6+ 131.Kf5 Ke3 132.Ke5 Rb5+ 133.Kd6 Kf3 134.Rc4 Rh5
135.Kc6 Ke3 136.Kd6 Rh8 137.Rg4 Kd3 138.Ke6 Ra8 139.Kf6 Ra5 140.Kg6 Ke3 141.Kf6 Ra6+
142.Kg5 Kf3 143.Rb4 Ra5+ 144.Kf6 Ra6+ 145.Ke5 Ke2 146.Rc4 Kd3 147.Rd4+ Kc3
148.Rh4 Ra5+ 149.Kd6 Kd2 150.Kc6 Ke3 151.Kb6 Rg5 152.Rb4 Kd3 153.Rh4 Rg3
154.Ra4 Kc2 155.Rc4+  1/2-1/2

[Event "Titled Tue 25th Jun Early"]
[Site "chess.com INT"]
[Date "2024.06.25"]
[Round "6"]
[White "Lobanov,Sergei"]
[Black "Nakamura,Hi"]
[Result "0-1"]
[WhiteElo "2506"]
[BlackElo "2794"]

1.d4 a5 2.e4 c6 3.Bd3 d5 4.e5 b6 5.Nf3 e6 6.O-O Ba6 7.Bxa6 Nxa6 8.Nbd2 Ne7
9.Re1 c5 10.c4 Qd7 11.b3 Nb4 12.dxc5 Nd3 13.Rf1 Nxc5 14.Ba3 Ng6 15.cxd5 exd5
16.Nd4 Be7 17.Qh5 Nf4 18.Qf3 Nfe6 19.Nf5 Rd8 20.Rad1 O-O 21.Nc4 dxc4 22.Rxd7 Rxd7
23.bxc4 Rfd8 24.g3 Bf8 25.Bc1 Nd3 26.Qe2 Nxc1 27.Rxc1 Rd2 28.Qg4 Bc5 29.Rf1 Rxa2
30.h4 a4 31.h5 g6 32.hxg6 hxg6 33.Nh6+ Kg7 34.Nf5+ Kf8 35.Nh4 Ke7 36.Qf3 Rdd2
37.Qf6+ Ke8 38.Nxg6 Rxf2 39.Rxf2 Rxf2 40.Qh8+ Kd7 41.Nh4 a3 42.Qa8 a2 43.Kh1 Rf1+
44.Kg2 a1=Q 45.Qb7+ Nc7  0-1

[Event "Titled Tue 25th Jun Early"]
[Site "chess.com INT"]
[Date "2024.06.25"]
[Round "7"]
[White "Nakamura,Hi"]
[Black "Liang,Awonder"]
[Result "0-1"]
[WhiteElo "2794"]
[BlackElo "2643"]

1.e4 e5 2.Bc4 Nc6 3.d3 Nf6 4.Nc3 Na5 5.Qf3 Bc5 6.Nge2 Nxc4 7.dxc4 d6 8.Bg5 Be6
9.Nd5 Bxd5 10.cxd5 h6 11.Bxf6 Qxf6 12.Qxf6 gxf6 13.Ng3 Kd7 14.Nf5 h5 15.Ke2 a5
16.a4 Rag8 17.g3 c6 18.Rad1 Kc7 19.Rd3 Ra8 20.Rhd1 Rhd8 21.Rf3 b5 22.Ne7 bxa4
23.Nxc6 Rdb8 24.Nxb8 Rxb8  0-1

[Event "Titled Tue 25th Jun Early"]
[Site "chess.com INT"]
[Date "2024.06.25"]
[Round "8"]
[White "Svane,Frederik"]
[Black "Nakamura,Hi"]
[Result "1-0"]
[WhiteElo "2638"]
[BlackElo "2794"]

1.e4 c6 2.d4 d5 3.exd5 cxd5 4.Nf3 Nf6 5.c3 g6 6.Be2 Bg7 7.O-O O-O 8.Bf4 Nh5
9.Be3 Qc7 10.Re1 Nc6 11.Nbd2 Bd7 12.Rc1 Rad8 13.Bd3 Bc8 14.a3 f5 15.Nb3 Nf6
16.c4 e6 17.cxd5 Nxd5 18.Bg5 Rd6 19.Ne5 h6 20.Bd2 Kh7 21.Nc5 Qd8 22.Nc4 Bxd4
23.Nxd6 Qxd6 24.Nb3 Bxb2 25.Rc2 Bg7 26.Bb5 Qxa3 27.Bxc6 bxc6 28.Nc5 Re8 29.Qb1 e5
30.Rec1 Bf8 31.Ra2 Qxc5 32.Rxc5 Bxc5 33.Qc1 Bb6 34.Qxc6 Rd8 35.h3 Kg7 36.Ba5 Ne7
37.Qc3 Bd4 38.Qd2 Rd7 39.Bc3 Nc6 40.Bxd4 Nxd4 41.Qc3 Bb7 42.Kh2 Kf6 43.Rxa7 Nb5
44.Rxb7 Nxc3 45.Rxd7 f4 46.Rd6+ Kf5 47.g4+ Kg5 48.Kg2 e4 49.Rc6 f3+ 50.Kh2 Ne2
51.Rc5+ Kf4 52.Rc8 Ke5 53.Re8+ Kd4 54.Re6 Nf4 55.Rd6+ Kc3 56.Rf6 Nd3 57.Kg3 Kd2
58.Re6 Ke2 59.Rxe4+ Kf1 60.Re3 Nxf2 61.Rxf3  1-0

[Event "Titled Tue 2nd Jul Early"]
[Site "chess.com INT"]
[Date "2024.07.02"]
[Round "1"]
[White "Nakamura,Hi"]
[Black "Sai Agni Jeevitesh,J"]
[Result "1-0"]
[WhiteElo "2802"]
[BlackElo "2274"]

1.e4 c6 2.Nf3 d5 3.Nc3 dxe4 4.Nxe4 Nf6 5.Ng3 Bg4 6.h3 Bxf3 7.Qxf3 Nbd7 8.d4 e6
9.c3 Bd6 10.Bc4 a5 11.O-O O-O 12.Re1 Qc7 13.Bg5 Nd5 14.Ne4 b5 15.Nxd6 Qxd6
16.Bd3 N7f6 17.Rad1 a4 18.Bc2 h6 19.Bc1 Rfe8 20.Re2 Rad8 21.Rde1 c5 22.dxc5 Qxc5
23.a3 Rd7 24.g4 Nh7 25.h4 Ndf6 26.Re5 Qc4 27.g5 hxg5 28.hxg5 Qg4+ 29.Qxg4 Nxg4
30.Rxb5 Red8 31.f3  1-0

[Event "Titled Tue 2nd Jul Late"]
[Site "chess.com INT"]
[Date "2024.07.02"]
[Round "1"]
[White "Nakamura,Hi"]
[Black "Rizzo,Tobias"]
[Result "1-0"]
[WhiteElo "2802"]
[BlackElo "1978"]

1.b3 Nf6 2.Bb2 g6 3.d4 Bg7 4.Nf3 O-O 5.e3 d5 6.c4 c6 7.Bd3 a5 8.a3 h6 9.Nbd2 Na6
10.Qc2 Be6 11.O-O Rc8 12.c5 Nb8 13.Ne5 Nfd7 14.f4 Nxe5 15.dxe5 b6 16.b4 Nd7
17.Nb3 bxc5 18.bxc5 Rb8 19.Bd4 a4 20.Nc1 Qa5 21.Na2 Rb3 22.Nb4 Nb8 23.Qd1 Rc8
24.Bc2 Nd7 25.Bxb3 axb3 26.Qc1 b2 27.Qxb2 Nxc5 28.Qc2 Ne4 29.Nxc6 Qc7 30.Rfc1 Qd7
31.a4 Qb7 32.Rab1 Qd7 33.a5 Bf5 34.a6 Nc3 35.Qxc3 Bxb1 36.Nxe7+ Qxe7 37.Qxc8+ Kh7
38.a7  1-0

[Event "Titled Tue 2nd Jul Early"]
[Site "chess.com INT"]
[Date "2024.07.02"]
[Round "2"]
[White "Krallis,Christos"]
[Black "Nakamura,Hi"]
[Result "1/2-1/2"]
[WhiteElo "2348"]
[BlackElo "2802"]

1.d4 g6 2.e4 Bg7 3.Nc3 c6 4.Nf3 d5 5.h3 dxe4 6.Nxe4 Nf6 7.Nxf6+ exf6 8.Bc4 O-O
9.O-O Nd7 10.c3 b5 11.Bd3 Nb6 12.Re1 Be6 13.Bf4 a5 14.Qd2 a4 15.Bh6 Qd6 16.Bf4 Qd7
17.Bh6 Rfd8 18.Bxg7 Kxg7 19.Re2 Rac8 20.Be4 Nc4 21.Qf4 Nd6 22.Bc2 Nc4 23.Be4 a3
24.b3 Nb2 25.Rae1 c5 26.dxc5 Rxc5 27.Nd4 Rxc3 28.Nxe6+ fxe6 29.Bxg6 e5 30.Qb4 Qc7
31.Qxa3 Nc4 32.Qb4 Nd2 33.Bf5 Rd4 34.Qxb5 Rc6 35.Re3 Rf4 36.Rg3+ Kh6 37.Qd3 Qd6
38.Qxd6 Rxd6 39.Rd3 Rxd3 40.Bxd3 Rd4 41.Bc2 e4 42.a4 f5 43.a5 f4 44.a6 Rd7
45.Bxe4 Re7 46.f3 Nxb3 47.Rb1 Nc5 48.Rb6+ Kg7 49.Bb7 Re1+ 50.Kh2 Ra1 51.Rc6 Nd3
52.Rc7+ Kf6 53.Be4 Nf2 54.g3 Rxa6 55.gxf4 Ra4 56.Kg3 Nd1 57.Rxh7 Ne3 58.Rh6+ Kg7
59.Rb6 Ra5 60.f5 Nxf5+ 61.Bxf5 Rxf5 62.f4 Ra5 63.Kg4 Ra1 64.Kg5 Rg1+ 65.Kf5 Ra1
66.Rb7+ Kh6 67.Re7 Ra3 68.h4 Ra4 69.Ke5 Ra5+ 70.Kf6 Ra6+ 71.Re6 Ra7 72.f5 Rb7
73.Re7 Rb5 74.Ke6 Rb6+ 75.Kf7 Rb4 76.f6 Kh7 77.Ke8+ Kg6 78.f7 Rb8+ 79.Kd7 Kf6
80.Re8 Rb7+ 81.Kd6 Rxf7 82.Re4 Ra7 83.Rf4+ Kg6 84.Rc4 Kh5 85.Kd5 Ra8 86.Rc5 Kxh4
87.Kc6 Rc8+ 88.Kb6 Rb8+ 89.Kc7 Rb1 90.Rc6 Kg5 91.Rb6 Ra1 92.Rd6 Rb1 93.Rb6 Ra1
94.Rb5+ Kf4 95.Rd5 Rc1+ 96.Kd8 Rb1 97.Rc5 Ke4 98.Kc7 Kd4 99.Rh5 Rg1 100.Ra5 Rg6
101.Rh5 Rf6 102.Ra5 Rh6 103.Rg5 Ke4 104.Ra5 Kd3 105.Rb5 Kc4 106.Rg5 Rh8 107.Rf5 Kd4
108.Rg5 Rh6 109.Ra5 Rg6 110.Rh5 Kc4 111.Rf5 Rg7+ 112.Kd6 Rh7 113.Rg5 Rh6+
114.Ke7 Ra6 115.Rh5 Kd4 116.Rg5 Ke4 117.Rh5 Kf4 118.Rb5 Ra7+ 119.Kd6 Rh7
120.Rc5 Ke4 121.Rg5 Ra7 122.Rh5 Ra6+ 123.Kc7 Ra1 124.Kb8 Rf1 125.Rc5 Rf7
126.Rh5 Kd4 127.Ra5 Kc4 128.Rh5 Kb4 129.Rg5 Rh7 130.Rf5 Rh6 131.Rg5 Rf6 132.Rh5 Rf4
133.Rg5 Re4 134.Rh5 Rd4 135.Rg5 Rd7 136.Rh5 Rg7  1/2-1/2

[Event "Titled Tue 2nd Jul Late"]
[Site "chess.com INT"]
[Date "2024.07.02"]
[Round "2"]
[White "Dann,M"]
[Black "Nakamura,Hi"]
[Result "0-1"]
[WhiteElo "2458"]
[BlackElo "2802"]

1.e4 g6 2.d4 c6 3.Nc3 d5 4.Nf3 Bg4 5.h3 Bxf3 6.Qxf3 e6 7.Be3 Bg7 8.O-O-O Nf6
9.g4 dxe4 10.Nxe4 Nxe4 11.Qxe4 Qd5 12.Qxd5 cxd5 13.c4 Nc6 14.cxd5 exd5 15.Kb1 O-O-O
16.Bg2 b6 17.h4 Rd7 18.h5 Kb7 19.Rh4 Bf6 20.g5 Bd8 21.Rdh1 Re8 22.hxg6 hxg6
23.Rh7 Bc7 24.Rg7 Nd8 25.Bh3 Rde7 26.Bg4 Rf8 27.Bf3 Rd7 28.Bg4 Rd6 29.a3 b5
30.Rhh7 a5 31.Bf4 Rc6 32.Be5 Bxe5 33.dxe5 Kb6 34.Rh3 Rc4 35.f3 b4 36.axb4 axb4
37.Rh1 Kc5 38.Rd1 b3 39.Rd3 Re8 40.e6 Nxe6 41.Bxe6 Rxe6 42.Rxb3 Rf4 43.Rc3+ Kd6
44.Rg8 Re5 45.Rd8+ Ke7 46.Rcc8 Rxg5 47.Re8+ Kf6 48.Rc6+ Kg7 49.Rc3 Rg3 50.Rd3 Rgxf3
51.Rxd5 Rf2 52.Rb8 f5 53.Rd3 Kh6 54.Rc3 Rg4 55.Rc1 Rgg2  0-1

[Event "Titled Tue 2nd Jul Early"]
[Site "chess.com INT"]
[Date "2024.07.02"]
[Round "3"]
[White "Nakamura,Hi"]
[Black "Sultanbek,Zeinep"]
[Result "1-0"]
[WhiteElo "2802"]
[BlackElo "2122"]

1.e4 c5 2.c3 Nf6 3.e5 Nd5 4.Nf3 d6 5.Bc4 e6 6.d4 cxd4 7.cxd4 Nc6 8.O-O Nb6
9.Bd3 d5 10.Nc3 Bd7 11.Ne2 Rc8 12.Ng3 g6 13.Bg5 Be7 14.Bh6 Nb4 15.Bb1 Na4
16.Qd2 Qb6 17.b3 Nc3 18.Rc1 Nxb1 19.Raxb1 Rxc1+ 20.Rxc1 Nc6 21.h4 Bf8 22.Bxf8 Rxf8
23.h5 gxh5 24.Nxh5 Kd8 25.Nf6 Kc7 26.Qh6 Qb4 27.Qxh7 Qa3 28.Qh6 Bc8 29.Rc2 Kb8
30.Qc1 Qe7 31.g4 Rh8 32.g5 Qf8 33.Rxc6 bxc6 34.Qxc6 Qd8 35.Qd6+ Qc7 36.Kg2 Rd8
37.Qb4+ Qb6 38.Qe7 Qc7 39.Qa3 Qb6 40.Qc1 Qc7 41.Qf4 Rh8 42.Ng4 Ba6 43.Nh6 Rf8
44.g6  1-0

[Event "Titled Tue 2nd Jul Late"]
[Site "chess.com INT"]
[Date "2024.07.02"]
[Round "3"]
[White "Nakamura,Hi"]
[Black "Wafa,Hamed"]
[Result "1-0"]
[WhiteElo "2802"]
[BlackElo "2356"]

1.b3 e5 2.Bb2 Nc6 3.e3 d5 4.Bb5 Bd6 5.f4 f6 6.Nc3 Ne7 7.Qf3 e4 8.Qg3 O-O
9.Nge2 Nb4 10.Rc1 a6 11.a3 Nxc2+ 12.Rxc2 axb5 13.Nxb5 Nf5 14.Qf2 c6 15.Nxd6 Qxd6
16.g4 Ne7 17.Qg3 Bd7 18.a4 c5 19.f5 Qxg3+ 20.Nxg3 b6 21.O-O Nc6 22.Bc3 Rfd8
23.h3 Be8 24.Rb1 Bf7 25.Rcc1 Rab8 26.b4 d4 27.Bxd4 cxd4 28.Rxc6 dxe3 29.dxe3 Rd3
30.Rbc1 Be8 31.Rc8 Rxc8 32.Rxc8 Kf7 33.Rc7+ Kf8 34.Kf2 Rd2+ 35.Ke1 Rd3 36.Ke2 Bxa4
37.Nxe4 Bb5 38.Kf3 Rd1 39.Nc3 Rf1+ 40.Kg2 Bd3 41.Rd7 Bc4 42.Rd4 Ba6 43.b5 Rc1
44.bxa6 Rxc3 45.Rd8+ Ke7 46.a7  1-0

[Event "Titled Tue 2nd Jul Late"]
[Site "chess.com INT"]
[Date "2024.07.02"]
[Round "4"]
[White "Gorodetzky,David"]
[Black "Nakamura,Hi"]
[Result "0-1"]
[WhiteElo "2494"]
[BlackElo "2802"]

1.e4 e5 2.Nf3 Nc6 3.Bb5 a6 4.Ba4 Bc5 5.c3 Nge7 6.d4 exd4 7.cxd4 Bb4+ 8.Bd2 Bxd2+
9.Qxd2 d5 10.exd5 Nxd5 11.Bxc6+ bxc6 12.O-O O-O 13.Nc3 Be6 14.Ne5 Qf6 15.Ne4 Qh4
16.Ng5 Rae8 17.Rfe1 Bc8 18.Ngf3 Qf6 19.Rac1 Ne7 20.Qc3 Nd5 21.Qxc6 Qd8 22.Qc5 Bb7
23.Nc6 Bxc6 24.Qxc6 a5 25.a3 Nf4 26.Ne5 Qxd4 27.Qxc7 Qd5 28.Nf3 Ne2+ 29.Rxe2 Rxe2
30.b4 Qa2 31.Qc5 Qxa3 32.bxa5 Qxc5 33.Rxc5 Ra2 34.g3 Ra8 35.Kg2 R2xa5 36.Rxa5 Rxa5
37.h4 f6 38.Nd4 Kf7 39.Ne2 Ra4 40.Kf3 g6 41.Nf4 g5 42.hxg5 fxg5 43.Nd5 Ke6
44.Ne3 h5 45.Kg2 Ke5 46.Kf3 Ra3 47.Kg2 Ke4 48.Nc4 Rd3 49.Kf1 Rd4 50.Ne3 Kf3
51.Ng2 Rd1+ 52.Ne1+ Rxe1+ 53.Kxe1 Kg2 54.f4 h4 55.fxg5 h3 56.g6 h2 57.g7 h1=Q+
58.Kd2 Qh7 59.g8=Q Qxg8 60.g4 Kg3 61.g5 Kg4  0-1

[Event "Titled Tue 2nd Jul Early"]
[Site "chess.com INT"]
[Date "2024.07.02"]
[Round "4"]
[White "Kim,Se"]
[Black "Nakamura,Hi"]
[Result "0-1"]
[WhiteElo "2295"]
[BlackElo "2802"]

1.d4 g6 2.c4 Bg7 3.Nc3 c5 4.d5 Bxc3+ 5.bxc3 f5 6.h4 h5 7.Bg5 d6 8.Qd3 Nd7
9.f3 Qa5 10.e3 Ngf6 11.Nh3 Ne5 12.Qc2 Bd7 13.Nf4 O-O-O 14.Rb1 Rhg8 15.Qb3 b6
16.Kf2 Nf7 17.Nh3 Rde8 18.Be2 Nh7 19.Bf4 e5 20.dxe6 Rxe6 21.Rhd1 Ba4 22.Qa3 Bxd1
23.Qxa5 bxa5 24.Bxd1 Ne5 25.Rb5 a6 26.Rxa5 Kb7 27.Ra4 Rge8 28.Be2 Ka7 29.Ng5 Nxg5
30.Bxg5 Rb8 31.Kg3 Rb2 32.Bf1 Nf7 33.Bf4 Re8 34.Bd3 Rd2 35.Bf1 Rc2 36.Ra3 Rb8
37.e4 fxe4 38.fxe4 Ne5 39.Bxe5 dxe5  0-1

[Event "Titled Tue 2nd Jul Late"]
[Site "chess.com INT"]
[Date "2024.07.02"]
[Round "5"]
[White "Nakamura,Hi"]
[Black "Mitrabha,G"]
[Result "1-0"]
[WhiteElo "2802"]
[BlackElo "2545"]

1.b3 d5 2.Bb2 Bg4 3.d3 Nd7 4.Nd2 e5 5.Ngf3 Bd6 6.e4 c6 7.Be2 Ngf6 8.Nh4 Be6
9.Nhf3 h6 10.O-O O-O 11.Re1 a5 12.a3 Re8 13.Bf1 b5 14.g3 Qc7 15.Bg2 a4 16.b4 dxe4
17.Nxe4 Nxe4 18.Rxe4 Bd5 19.Re1 Nf6 20.Rc1 Rad8 21.c4 bxc4 22.dxc4 Be4 23.Qxa4 c5
24.b5 Bb7 25.Qc2 e4 26.Bxf6 gxf6 27.Nh4 Re5 28.Rcd1 Rde8 29.a4 Bf8 30.Qc3 f5
31.a5 Bg7 32.a6 Ba8 33.Qd2 Bf8 34.Qd7 Qb6 35.Nxf5 Qf6 36.Ne3 R5e7 37.Qf5 Qb6
38.Rd7 Bg7 39.Rxe7 Rxe7 40.Qc8+  1-0

[Event "Titled Tue 2nd Jul Early"]
[Site "chess.com INT"]
[Date "2024.07.02"]
[Round "5"]
[White "Nakamura,Hi"]
[Black "Kollars,Dmitrij"]
[Result "1/2-1/2"]
[WhiteElo "2802"]
[BlackElo "2656"]

1.b3 e5 2.Bb2 Nc6 3.e3 Nf6 4.Bb5 Bd6 5.Na3 Be7 6.Nc4 d6 7.Ne2 O-O 8.Bxc6 bxc6
9.O-O Be6 10.Na5 Qd7 11.f4 exf4 12.Nxf4 Nd5 13.Qf3 Nxf4 14.exf4 Bd5 15.Qg3 f6
16.Rae1 Rae8 17.c4 Bf7 18.d4 d5 19.c5 Bg6 20.Bc1 Be4 21.f5 Bxf5 22.Nxc6 Be4
23.Nxe7+ Rxe7 24.c6 Qd6 25.Qxd6 cxd6 26.b4 a6 27.Bf4 Rc8 28.Bxd6 Re6 29.Bc5 Rcxc6
30.Re3 Bc2 31.Rc3 Ba4 32.h3 Re2 33.Rf2 Rce6 34.a3 Bb5 35.Rxe2 Rxe2 36.Bd6 Bc4
37.Bf4 g5 38.Bc7 Kf7 39.Rf3 Kg6 40.g4 Re4 41.Bd8 Rf4 42.Rxf4 gxf4 43.Kf2 f5
44.Kf3 Bf1 45.h4 fxg4+ 46.Kxg4 f3 47.h5+ Kf7 48.Kxf3 Bb5 49.Kf4 Ke6 50.Kg5 Be2
51.Kh6 Bd1 52.Kg5 Bc2 53.Kh6 Bd1 54.a4 Bxa4 55.Kxh7 Kf7 56.Kh6 Bd1 57.Kg5 Be2
58.h6 Bd3 59.Kf4 Ke6  1/2-1/2